Länder Europas im Jahre 1500 - Statistiken

Allgemein
  • Dieses Quiz wurde 236 mal gespielt
  • Das Durchschnittsergebnis liegt bei 15 aus 49
Antwortstatistiken
Länder im Jahre 1500 % Korrekt
Spanisches Reich
90%
Domänen der französischen Krone
89%
Dänemark–Norwegen
88%
Königreich Portugal
87%
Schwedisch Krone
86%
Englisch Krone
81%
Osmanisches Reich
79%
Polnisch–Litauische Union
75%
Union des Königreichs Ungarn und des Königreichs Kroatien
75%
Heiliges Römisches Reich
74%
Königreich Schottland
68%
Herzogtum Preußen
63%
Republik von Venedig
55%
Kirchenstaat
50%
Königreich von Neapel
42%
Die ruhigste Republik von San Marino
38%
Monaco
38%
Großfürstentum Moskau
35%
Republik Genua
34%
Republik Florenz
27%
Souveräne Malteserorden
27%
Fürstentum Moldawien
21%
Goldenen Horde
17%
Herzogtum Savoyen
15%
Herzogtum Modena und Reggio
14%
Herzogtum von Parma
13%
Herzogtum Bretagne
11%
Khanate Kasan
10%
Lucchesische Republik
10%
Nogaier- Horde
10%
Ulster
10%
Avar Khanate
7%
Livländische Konföderation
7%
Königreich Desmond
6%
Leinster
6%
Kasachen Khanate
5%
Landkreis Tyrone
4%
Astrachan Khanate
3%
Republik Cospaia
3%
Republik Siena
3%
Fürstentum Zeta
1%
Herzogtum von Mirandola
1%
Königreich Imeretien
1%
Königreich Kachetien
1%
Königreich Kartli
1%
Königreich Thomond
1%
Navarre und Bearn
1%
Samtskhe-Saatabago
1%
Samzche-Dschawachetien
1%
Keine übereinstimmenden Quizze gefunden
Verteilung der Resultate
Anzahl Personen mit jedem Resultat
Perzentil nach korrekt beantworteten Fragen
Ihre Resultats-Entwicklung
Sie haben dieses Quiz noch nicht gespielt